[Event "XXIX Miedzynarodowy Festiwal Szachowy CRACOVIA-2018 Grupa A"]
[Site "Krakow, Hotel Galaxy, ul. Gesia 22a"]
[Date "2018.12.29"]
[Round "4.62"]
[White "Golecki, Jan"]
[Black "Antolak, Julia"]
[Result "0-1"]
[WhiteElo "2064"]
[BlackElo "2183"]
[PlyCount "114"]
[EventDate "2018.??.??"]

1. e4 c5 2. Nf3 d6 3. Bb5+ Nd7 4. d4 cxd4 5. Qxd4 e5 6. Qa4 h6 7. Nc3 Ngf6 8.
Be3 Be7 9. O-O-O O-O 10. h3 a6 11. Kb1 Rb8 12. Bxd7 Bxd7 13. Qc4 b5 14. Qe2 b4
15. Nd5 Nxd5 16. Rxd5 Bc6 17. Rd2 Bxe4 18. Nxe5 Bf6 19. Nc4 d5 20. Bf4 Bc3 21.
Bxb8 Qxb8 22. f3 dxc4 23. fxe4 Bxd2 24. Qxd2 c3 25. Qd5 Rd8 26. Qc4 a5 27. Rf1
Qb7 28. a4 cxb2 29. e5 Re8 30. Rf5 Re6 31. Qf4 Qd7 32. Kxb2 Rb6 33. Qf3 Qd4+
34. Kb1 b3 35. cxb3 Qxa4 36. Kb2 Qd7 37. Qa8+ Kh7 38. Qxa5 Rg6 39. g4 Rc6 40.
Rf4 Qd3 41. Rc4 Qe2+ 42. Ka3 Rxc4 43. bxc4 Qxc4 44. Qa7 Qc3+ 45. Ka2 Qxh3 46.
Qd4 Qg2+ 47. Kb3 Qc6 48. Qf4 Qg6 49. Kc3 h5 50. gxh5 Qxh5 51. Kd2 Qh6 52. Ke3
Qxf4+ 53. Kxf4 Kg8 54. Kf5 Kf8 55. Kg5 Ke7 56. Kf4 Ke6 57. Ke4 g6 0-1

[Event "XXIX Miedzynarodowy Festiwal Szachowy CRACOVIA-2018 Grupa A"]
[Site "Krakow, Hotel Galaxy, ul. Gesia 22a"]
[Date "2018.12.29"]
[Round "4.64"]
[White "Rudzinska, Michalina"]
[Black "Wikar, Martyna"]
[Result "1/2-1/2"]
[WhiteElo "2141"]
[BlackElo "2016"]
[PlyCount "65"]
[EventDate "2018.??.??"]

1. e4 c5 2. Nf3 Nc6 3. d4 cxd4 4. Nxd4 e5 5. Nb5 a6 6. Nd6+ Bxd6 7. Qxd6 Qf6 8.
Qd1 Qg6 9. Nc3 Nge7 10. g3 d5 11. Bg2 Bg4 12. f3 Be6 13. exd5 Rd8 14. d6 Bc4
15. Bd2 Rxd6 16. Ne4 Rd8 17. b3 f5 18. Nc5 b6 19. Nb7 Rd7 20. bxc4 Rxb7 21. O-O
Qe6 22. Re1 Qxc4 23. Bf1 Qd4+ 24. Be3 Qxd1 25. Raxd1 b5 26. Bc5 Kf7 27. a4 Ra8
28. Rb1 Kf6 29. axb5 axb5 30. Bxb5 Nd4 31. Bxd4 exd4 32. Bd3 Rab8 33. Rxb7
1/2-1/2

[Event "XXIX Miedzynarodowy Festiwal Szachowy CRACOVIA-2018 Grupa A"]
[Site "Krakow, Hotel Galaxy, ul. Gesia 22a"]
[Date "2018.12.29"]
[Round "4.65"]
[White "Rasmussen, Jonas H"]
[Black "Sanz Losada, Victoriano"]
[Result "1/2-1/2"]
[Annotator "Leszek"]
[PlyCount "133"]
[EventDate "2018.??.??"]

{[BlackTitle "CM"] [WhiteElo "1982"] [BlackElo "2121"]} 1. d4 Nf6 2. Nf3 e6 3.
g3 d5 4. Bg2 c6 5. O-O Nbd7 6. b3 Bd6 7. Bb2 Qe7 8. c4 O-O 9. Ne5 Rd8 10. Qc2
Nf8 11. Nd2 Ng6 12. e4 dxe4 13. Nxe4 Nxe4 14. Bxe4 Ba3 15. Rad1 Bxb2 16. Qxb2
Bd7 17. Qc2 Be8 18. Rfe1 Rac8 19. c5 Qf6 20. Re3 Nf8 21. Rf3 Qe7 22. Re3 Qf6
23. Rf3 Qe7 24. Rfd3 g5 25. Nc4 f5 26. Bg2 Bg6 27. Qe2 Qf6 28. Qe5 Nd7 29. Qxf6
Nxf6 30. Re3 Bf7 31. Nd6 Rc7 32. Rde1 Ne8 33. Nxf7 Kxf7 34. Rxe6 Ng7 35. Rd6
Rcd7 36. d5 Rxd6 37. cxd6 Rxd6 38. dxc6 bxc6 39. Rc1 Ne6 40. Rxc6 Rxc6 41. Bxc6
Nd4 42. Bd5+ Ke7 43. Bc4 Kd6 44. Kg2 Kc5 45. a3 h6 46. f4 gxf4 47. gxf4 Nc2 48.
Be6 Kd6 49. Bc8 Ke7 50. a4 a5 51. Kf2 Kf6 52. Ba6 Kg6 53. Bc4 Kf6 54. Kg3 Ne3
55. Kf3 Nc2 56. Ke2 Kg6 57. Kf3 Kf6 58. Kf2 Ke7 59. Ke2 Kd6 60. Bd3 Nd4+ 61.
Ke3 Kc5 62. Bb1 Kd5 63. Bd3 Kc5 64. h3 Kd5 65. Bc4+ Kc5 66. Bd3 Kd5 67. Bb1
1/2-1/2

[Event "XXIX Miedzynarodowy Festiwal Szachowy CRACOVIA-2018 Grupa A"]
[Site "Krakow, Hotel Galaxy, ul. Gesia 22a"]
[Date "2018.12.29"]
[Round "4.66"]
[White "Englert, Jan"]
[Black "Kulesza, Andrzej"]
[Result "1/2-1/2"]
[Annotator "Leszek"]
[PlyCount "37"]
[EventDate "2018.??.??"]

{[BlackTitle "I+"] [WhiteElo "2106"] [BlackElo "1934"]} 1. d4 Nf6 2. Nc3 d5 3.
Bg5 Bf5 4. e3 c6 5. Bd3 Bxd3 6. cxd3 Qb6 7. Qd2 Nbd7 8. Nf3 e6 9. O-O Bd6 10.
Bxf6 Nxf6 11. Rfc1 O-O 12. a3 Nd7 13. b4 a5 14. Na4 Qc7 15. Nc5 axb4 16. axb4
Nb6 17. Qb2 Rfb8 18. Rxa8 Rxa8 19. Ra1 $11 1/2-1/2

[Event "XXIX Miedzynarodowy Festiwal Szachowy CRACOVIA-2018 Grupa A"]
[Site "Krakow, Hotel Galaxy, ul. Gesia 22a"]
[Date "2018.12.29"]
[Round "4.67"]
[White "Majek, Kacper"]
[Black "Fiedorek, Michal"]
[Result "1/2-1/2"]
[WhiteElo "2011"]
[BlackElo "2178"]
[Annotator "Leszek"]
[PlyCount "27"]
[EventDate "2018.??.??"]

1. b3 Nf6 2. Bb2 d5 3. Nf3 e6 4. e3 Be7 5. Be2 O-O 6. O-O c5 7. d4 b6 8. c4 Bb7
9. Nbd2 Nbd7 10. Rc1 Rc8 11. Ne5 cxd4 12. exd4 dxc4 13. Ndxc4 Nd5 14. Bf3 {
Zapis nieczytelny} 1/2-1/2

[Event "XXIX Miedzynarodowy Festiwal Szachowy CRACOVIA-2018 Grupa A"]
[Site "Krakow, Hotel Galaxy, ul. Gesia 22a"]
[Date "2018.12.29"]
[Round "4.69"]
[White "Rosol, Alexander"]
[Black "Patil, Mitali"]
[Result "1-0"]
[Annotator "Leszek"]
[PlyCount "41"]
[EventDate "2018.??.??"]

{[BlackTitle "WFM"] [WhiteElo "1972"] [BlackElo "2081"]} 1. c4 e5 2. g3 Nf6 3.
Bg2 Nc6 4. Nc3 g6 5. e3 Bg7 6. Nge2 O-O 7. O-O d6 8. d4 Rb8 9. d5 Ne7 10. e4
Nh5 11. b4 f5 12. f3 f4 13. g4 Nf6 14. h3 g5 15. Bd2 c6 16. Kh2 h5 17. Nc1 cxd5
18. cxd5 Kf7 19. Nb3 Rh8 20. Kg1 Bh6 21. Rf2 {Zapis nieczytelny} 1-0

[Event "XXIX Miedzynarodowy Festiwal Szachowy CRACOVIA-2018 Grupa A"]
[Site "Krakow, Hotel Galaxy, ul. Gesia 22a"]
[Date "2018.??.29"]
[Round "4.70"]
[White "Hetzer, Volkhard"]
[Black "Hristodoulaki, Antonia"]
[Result "0-1"]
[Annotator "Leszek"]
[PlyCount "98"]
[EventDate "2018.??.??"]

{[BlackTitle ""] [WhiteElo "1916"] [BlackElo "2048"]} 1. d4 Nf6 2. Nf3 d5 3. c4
e6 4. a3 c5 5. e3 b6 6. cxd5 exd5 7. Nc3 a6 8. b3 Bb7 9. Bb2 Bd6 10. Be2 Nbd7
11. O-O O-O 12. Rc1 Re8 13. g3 Rc8 14. Nh4 cxd4 15. exd4 b5 16. Nf5 Bf8 17. Ne3
g6 18. Bf3 Nb6 19. Qd3 h5 20. Bg2 Nh7 21. Ne2 Rxc1 22. Bxc1 Bg7 23. Bd2 Ng5 24.
Ba5 Ne4 25. Nf4 Qf6 26. Bxb6 Qxb6 27. Nexd5 Qxd4 28. Qxd4 Bxd4 29. Bxe4 Rxe4
30. Nb4 Bb2 31. Nc2 Bc3 32. Rd1 Bf6 33. Nd5 Bg7 34. Nde3 Re6 35. Rd8+ Bf8 36.
Nd5 Kg7 37. Nde3 Rd6 38. Rxd6 Bxd6 39. Kf1 Bf8 40. b4 Kf6 41. Ke2 Ke5 42. Kd3
g5 43. Nd4 Bg7 44. Nb3 f5 45. Nd2 f4 46. Nc2 Bc6 47. Nd4 Bb7 48. N2f3+ Kf6 49.
Nd2 Ke5 {Zapis nieczytelny} 0-1

[Event "XXIX Miedzynarodowy Festiwal Szachowy CRACOVIA-2018 Grupa A"]
[Site "Krakow, Hotel Galaxy, ul. Gesia 22a"]
[Date "2018.12.29"]
[Round "4.56"]
[White "Meers, Hubert"]
[Black "Marusenko, Petr"]
[Result "0-1"]
[WhiteElo "2009"]
[BlackElo "2163"]
[PlyCount "84"]
[EventDate "2018.??.??"]

1. e4 c6 2. d4 d5 3. Nd2 dxe4 4. Nxe4 Nd7 5. Bc4 e6 6. Nf3 Ngf6 7. Nxf6+ Nxf6
8. O-O Be7 9. c3 O-O 10. Bg5 Nd5 11. Bxe7 Qxe7 12. Re1 Rd8 13. Qc2 b6 14. Bd3
h6 15. Ne5 Bd7 16. Bh7+ Kh8 17. Be4 Rac8 18. Qd3 Be8 19. Qf3 Qf6 20. Bxd5 Rxd5
21. Qg3 c5 22. Nf3 Bc6 23. dxc5 bxc5 24. Ne5 Ba8 25. Ng4 Qe7 26. Ne3 Rg5 27.
Qf4 Qb7 28. Kf1 Qxb2 29. Qxf7 Bxg2+ 30. Nxg2 Rf5 31. Qxf5 exf5 32. Rab1 Qxc3
33. Rb7 Rd8 34. Rxa7 Qc4+ 35. Kg1 f4 36. Ree7 f3 37. Ne1 Rd1 38. h3 Qh4 39.
Re8+ Kh7 40. Ree7 Rxe1+ 41. Rxe1 Qg5+ 42. Kf1 Qg2# 0-1

[Event "XXIX Miedzynarodowy Festiwal Szachowy CRACOVIA-2018 Grupa A"]
[Site "Krakow, Hotel Galaxy, ul. Gesia 22a"]
[Date "2018.12.29"]
[Round "4.55"]
[White "Brozyna, Mateusz"]
[Black "Jijo, Joy"]
[Result "1/2-1/2"]
[Annotator "Leszek"]
[PlyCount "68"]
[EventDate "2018.??.??"]

{[WhiteElo "2173"] [BlackElo "1940"]} 1. e4 e5 2. Nf3 Nf6 3. Nxe5 d6 4. Nc4
Nxe4 5. Nc3 Nxc3 6. bxc3 g6 7. g3 Bg7 8. Bg2 O-O 9. O-O Nc6 10. Rb1 Be6 11. Ne3
Rb8 12. c4 Qd7 13. Bb2 Bxb2 14. Rxb2 Ne5 15. d3 c6 16. Re1 Ng4 17. Qd2 Rfe8 18.
Rbb1 Nxe3 19. Rxe3 Bf5 20. Rbe1 Kf8 21. Qc3 Kg8 22. Qd4 c5 23. Qb2 b6 24. Bd5
Rxe3 25. fxe3 Re8 26. e4 Be6 27. Rf1 Bxd5 28. cxd5 Qe7 29. c4 Qg5 30. Qf2 Re7
31. Kg2 Qe5 32. Qf6 Qxf6 33. Rxf6 Rd7 34. g4 Kf8 {Zapis nieczytelny} 1/2-1/2

[Event "XXIX Miedzynarodowy Festiwal Szachowy CRACOVIA-2018 Grupa A"]
[Site "Krakow, Hotel Galaxy, ul. Gesia 22a"]
[Date "2018.??.??"]
[Round "4.32"]
[White "Heinzel, Olaf"]
[Black "Szczurek, Krzysztof"]
[Result "1-0"]
[WhiteElo "2326"]
[BlackElo "2212"]
[PlyCount "35"]
[EventDate "2018.??.??"]

1. d4 Nf6 2. Bf4 d5 3. e3 Bf5 4. Nf3 e6 5. Nbd2 Nbd7 6. Be2 Bd6 7. Ne5 O-O 8.
g4 Bg6 9. h4 h6 10. g5 hxg5 11. hxg5 Nh7 12. Bd3 Bxe5 13. dxe5 Nxg5 14. Qg4 Ne4
15. f3 Nxd2 16. Kxd2 Bxd3 17. Rag1 Bg6 18. Qh3 1-0

[Event "XXIX Miedzynarodowy Festiwal Szachowy CRACOVIA-2018 Grupa A"]
[Site "Krakow, Hotel Galaxy, ul. Gesia 22a"]
[Date "2018.??.29"]
[Round "4.34"]
[White "Zherebtsova, Alexandra"]
[Black "Godzwon, Iwo"]
[Result "0-1"]
[WhiteElo "2186"]
[BlackElo "2323"]
[PlyCount "134"]
[EventDate "2018.??.??"]

1. d4 Nf6 2. Nf3 e6 3. c4 Bb4+ 4. Nbd2 O-O 5. a3 Be7 6. e3 b6 7. Bd3 c5 8. O-O
Bb7 9. b3 cxd4 10. exd4 d5 11. Re1 Nc6 12. Bb2 Rc8 13. Rc1 Re8 14. Bb1 Bf8 15.
Nf1 dxc4 16. bxc4 g6 17. Ne3 Bg7 18. Re2 Ne7 19. Ne5 Nh5 20. Re1 Nc6 21. Be4
Re7 22. Nxc6 Bxc6 23. Bxc6 Rxc6 24. d5 Rd6 25. Bxg7 Nxg7 26. Qb3 Ne8 27. dxe6
Rexe6 28. c5 Rd3 29. Qb4 bxc5 30. Qxc5 Qb6 31. Qxb6 axb6 32. Rb1 Rxa3 33. Nc4
Rb3 34. Kf1 Rxe1+ 35. Rxe1 Kf8 36. Ke2 b5 37. Nd2 Rb2 38. Kd3 Nd6 39. Ra1 Nc4
40. Nxc4 bxc4+ 41. Kxc4 Rxf2 42. Rg1 Rd2 43. Kc3 Rd7 44. h4 Ke7 45. Ra1 Ke6 46.
Ra4 Rd1 47. Re4+ Kf5 48. Re7 Kf6 49. Re3 Rh1 50. Rf3+ Ke6 51. g3 Ra1 52. Kc2
Ra7 53. Rf4 Ke5 54. Kc3 f6 55. Rb4 Ra1 56. Rb5+ Ke4 57. Rb7 Ra3+ 58. Kc2 Rxg3
59. Rxh7 f5 60. Kd2 Kf3 61. h5 g5 62. h6 Rh3 63. Rh8 g4 64. h7 f4 65. Ke1 g3
66. Ra8 Rh1+ 67. Kd2 Rxh7 0-1

[Event "XXIX Miedzynarodowy Festiwal Szachowy CRACOVIA-2018 Grupa A"]
[Site "Krakow, Hotel Galaxy, ul. Gesia 22a"]
[Date "2018.??.??"]
[Round "4.36"]
[White "Kubicka, Anna"]
[Black "Ojas, Kulkarni"]
[Result "1/2-1/2"]
[WhiteElo "2168"]
[BlackElo "2282"]
[PlyCount "146"]
[EventDate "2018.??.??"]

1. e4 e5 2. Nf3 Nc6 3. Bb5 a6 4. Ba4 d6 5. O-O Bd7 6. c3 g6 7. d4 Bg7 8. h3
Nge7 9. d5 Nb8 10. c4 b5 11. cxb5 axb5 12. Bc2 O-O 13. Qe2 Na6 14. Na3 b4 15.
Nc4 f5 16. Bd2 Nc5 17. exf5 gxf5 18. Bxb4 e4 19. Nfd2 Nxd5 20. Bxc5 dxc5 21.
Nb3 Nf4 22. Qd2 Qg5 23. g3 Nxh3+ 24. Kh2 Be6 25. Qxg5 Nxg5 26. Nbd2 Nf3+ 27.
Kg2 Rad8 28. Bb3 Nd4 29. Bd1 Bh6 30. Ne3 Bxe3 31. fxe3 Nc2 32. Bxc2 Rxd2+ 33.
Rf2 Rfd8 34. Re1 Bc4 35. Rc1 Bxa2 36. Ba4 c4 37. Bb5 Rxf2+ 38. Kxf2 Rd2+ 39.
Kf1 Rxb2 40. Bxc4+ Bxc4+ 41. Rxc4 Kg7 42. Rxc7+ Kg6 43. Rc8 Rh2 44. Rg8+ Kf6
45. Rf8+ Ke6 46. Rh8 Kd5 47. Rc8 Ra2 48. Rc7 h6 49. Rc8 Ra1+ 50. Kg2 Ra2+ 51.
Kf1 Ra6 52. Kf2 h5 53. Rc7 Ra2+ 54. Kf1 Rh2 55. Rc8 Rb2 56. Rc7 Rb5 57. Kf2 Rc5
58. Rd7+ Kc4 59. Ke2 Ra5 60. Rc7+ Kd5 61. Rd7+ Ke6 62. Rh7 Ra2+ 63. Kf1 Rh2 64.
Rc7 h4 65. gxh4 f4 66. exf4 Kf5 67. Kg1 Ra2 68. h5 e3 69. Re7 Kxf4 70. Kf1 e2+
71. Rxe2 Rxe2 72. Kxe2 Kg5 73. h6 Kxh6 1/2-1/2

[Event "XXIX Miedzynarodowy Festiwal Szachowy CRACOVIA-2018 Grupa A"]
[Site "Krakow, Hotel Galaxy, ul. Gesia 22a"]
[Date "2018.??.??"]
[Round "4.37"]
[White "Dmochowska, Agnieszka"]
[Black "Goluch, Piotr"]
[Result "0-1"]
[WhiteElo "2151"]
[BlackElo "2273"]
[PlyCount "96"]
[EventDate "2018.??.??"]

1. e4 c6 2. c4 g6 3. Nc3 Bg7 4. Nf3 d6 5. d4 Nf6 6. Be2 O-O 7. O-O Bg4 8. Rb1
a6 9. a4 a5 10. b4 axb4 11. Rxb4 Qc7 12. Be3 Na6 13. Rb3 Nd7 14. Qb1 Rfb8 15.
Qc2 e5 16. d5 Ndc5 17. Rb2 Rf8 18. h3 Bc8 19. Nd2 f5 20. Ra1 f4 21. Bxc5 Nxc5
22. Bf3 h5 23. Nb3 Nd7 24. Qd3 Rf7 25. a5 Bf8 26. Na4 c5 27. Raa2 Qd8 28. Qe2
Ra6 29. Rb1 Qh4 30. Kh2 Nf6 31. Nb6 Bg4 32. Nd2 g5 33. Qf1 Bxh3 34. g3 fxg3+
35. fxg3 Bxf1+ 36. gxh4 g4 37. Rxf1 gxf3 38. Rxf3 Bh6 39. Nb3 Bf4+ 40. Kh3 Nxe4
41. Re2 Nf6 42. Re1 Kh7 43. Re2 Ng4 44. Re4 Nh6 45. Rf2 Nf5 46. Rfxf4 exf4 47.
Rxf4 Kg6 48. Re4 Re7 0-1

[Event "XXIX Miedzynarodowy Festiwal Szachowy CRACOVIA-2018 Grupa A"]
[Site "Krakow, Hotel Galaxy, ul. Gesia 22a"]
[Date "2018.??.??"]
[Round "4.39"]
[White "Cholleti, Sahajasri"]
[Black "Gombocz, Ferenc Jr"]
[Result "1/2-1/2"]
[WhiteElo "2069"]
[BlackElo "2263"]
[PlyCount "77"]
[EventDate "2018.??.??"]

1. Nf3 d5 2. d4 Nf6 3. c4 c6 4. e3 Bf5 5. Nc3 a6 6. Qb3 Ra7 7. a4 e6 8. a5 Nbd7
9. Nh4 Be4 10. f3 dxc4 11. Bxc4 Bd5 12. g3 Bxc4 13. Qxc4 Be7 14. e4 O-O 15. Be3
Ra8 16. O-O h6 17. b4 Re8 18. Rad1 b6 19. axb6 Qxb6 20. Rb1 Red8 21. Rfc1 Rac8
22. Ng2 Qb7 23. Nf4 Bf8 24. Nd3 Nb6 25. Qa2 Ra8 26. Na4 Nxa4 27. Qxa4 Rdc8 28.
Ne5 Qb5 29. Qc2 Rc7 30. Nd3 Nd7 31. Nc5 Rac8 32. Qa2 Ra7 33. Rc3 Rb8 34. Rcb3
Nb6 35. Rc3 Nd7 36. Rcb3 Nb6 37. Rc3 Nd7 38. Rcb3 Nb6 39. Rc3 1/2-1/2

[Event "XXIX Miedzynarodowy Festiwal Szachowy CRACOVIA-2018 Grupa A"]
[Site "Krakow, Hotel Galaxy, ul. Gesia 22a"]
[Date "2018.??.29"]
[Round "4.40"]
[White "Krallis, Christos"]
[Black "Chyzy, Jakub"]
[Result "1-0"]
[WhiteElo "2261"]
[BlackElo "2045"]
[PlyCount "77"]
[EventDate "2018.??.??"]

1. c4 Nf6 2. g3 e6 3. Bg2 d5 4. Nf3 dxc4 5. Qa4+ c6 6. Qxc4 b5 7. Qc2 Bb7 8.
O-O Nbd7 9. Nc3 a6 10. a4 Rc8 11. b3 Be7 12. Bb2 O-O 13. e4 b4 14. Nd1 c5 15.
d3 a5 16. Ne3 Nb6 17. Nd2 Nfd7 18. Ndc4 Nxc4 19. Nxc4 Ba6 20. Rad1 Qc7 21. f4
Rfd8 22. Bh3 Rb8 23. Qf2 Bxc4 24. dxc4 Nf8 25. Bg4 Rxd1 26. Bxd1 Rd8 27. Bc2
Nd7 28. e5 g6 29. g4 Nf8 30. h4 Qd7 31. Rd1 Qc8 32. Re1 Qc6 33. h5 Qe8 34. Qe3
Rc8 35. Re2 Rc7 36. f5 exf5 37. gxf5 Bd8 38. e6 fxe6 39. Qe5 1-0

[Event "XXIX Miedzynarodowy Festiwal Szachowy CRACOVIA-2018 Grupa A"]
[Site "Krakow, Hotel Galaxy, ul. Gesia 22a"]
[Date "2018.??.??"]
[Round "4.41"]
[White "Gokhale, Anupama"]
[Black "Mis, Mieszko"]
[Result "0-1"]
[WhiteElo "2009"]
[BlackElo "2260"]
[PlyCount "90"]
[EventDate "2018.??.??"]

1. d4 Nf6 2. c4 e6 3. g3 c5 4. d5 exd5 5. cxd5 d6 6. Nc3 g6 7. Bg2 Bg7 8. Nf3
O-O 9. O-O Re8 10. h3 a6 11. a4 Nbd7 12. Bf4 Qc7 13. Qc2 Rb8 14. e4 b5 15. axb5
axb5 16. Nd2 c4 17. Na2 Nc5 18. Nb4 Bb7 19. Rac1 Rbd8 20. Ra1 Nfd7 21. Ra3 Ne5
22. Bxe5 Bxe5 23. f4 Bg7 24. Kh2 Nd7 25. Nf3 Qc5 26. Na6 Bxa6 27. Rxa6 Qb4 28.
Rb1 Nc5 29. Ra7 Nxe4 30. Ne5 dxe5 31. Qxe4 Qc5 32. Rb7 f5 33. Qc2 exf4 34. gxf4
Qd4 35. Rf1 Qxb2 36. Qxb2 Bxb2 37. Rxb5 c3 38. Rf2 Bc1 39. Rb4 Be3 40. Ra2 Rb8
41. Rba4 Rec8 42. d6 c2 43. Bd5+ Kg7 44. Ra7+ Bxa7 45. Rxa7+ Kh6 0-1

[Event "XXIX Miedzynarodowy Festiwal Szachowy CRACOVIA-2018 Grupa A"]
[Site "Krakow, Hotel Galaxy, ul. Gesia 22a"]
[Date "2018.??.??"]
[Round "4.44"]
[White "Chomczyk, Marek"]
[Black "Malicka, Maria"]
[Result "1-0"]
[WhiteElo "2294"]
[BlackElo "2013"]
[PlyCount "87"]
[EventDate "2018.??.??"]

1. e4 e5 2. Nf3 Nc6 3. Bb5 a6 4. Bxc6 dxc6 5. O-O Bg4 6. h3 h5 7. d3 Qf6 8.
Nbd2 Ne7 9. Re1 Ng6 10. d4 Nf4 11. hxg4 hxg4 12. g3 gxf3 13. Qxf3 Ne6 14. dxe5
Qh6 15. Nb3 g5 16. Be3 O-O-O 17. Rad1 Rxd1 18. Rxd1 Bg7 19. Nd4 Bxe5 20. Nxe6
Qxe6 21. Bxg5 Bxb2 22. c3 Kb8 23. Qf6 Qh3 24. Rd8+ Rxd8 25. Qxd8+ Qc8 26. Qf6
Qd7 27. Kg2 Qd3 28. Qh8+ Ka7 29. Qe5 Qd6 30. Bf4 b5 31. Qf5 Qe7 32. Bg5 Qd6 33.
Qxf7 Bxc3 34. Bf4 Be5 35. Bxe5 Qxe5 36. Qf5 Qd4 37. g4 Kb6 38. g5 b4 39. g6 a5
40. e5 Qd5+ 41. Qf3 Qxa2 42. e6 Kb7 43. e7 Qg8 44. Qf7 1-0

[Event "XXIX Miedzynarodowy Festiwal Szachowy CRACOVIA-2018 Grupa A"]
[Site "Krakow, Hotel Galaxy, ul. Gesia 22a"]
[Date "2018.??.29"]
[Round "4.47"]
[White "Kasperek, Ryszard"]
[Black "Lomakin, Viktor"]
[Result "1-0"]
[WhiteElo "2212"]
[BlackElo "2106"]
[PlyCount "43"]
[EventDate "2018.??.??"]

1. e4 c5 2. Nf3 e6 3. d4 cxd4 4. Nxd4 a6 5. Nc3 Qc7 6. Be2 Nf6 7. O-O d6 8. f4
Be7 9. a4 Nc6 10. Be3 O-O 11. Kh1 Re8 12. a5 Nxa5 13. e5 dxe5 14. fxe5 Nd7 15.
Bd3 g6 16. Qf3 Nxe5 17. Qg3 f6 18. Bf4 Qc5 19. Bxe5 Qxe5 20. Rxa5 Qxa5 21. Bxg6
Rf8 22. Bd3+ {zapis nieczytelny} 1-0

[Event "XXIX Miedzynarodowy Festiwal Szachowy CRACOVIA-2018 Grupa A"]
[Site "Krakow, Hotel Galaxy, ul. Gesia 22a"]
[Date "2018.??.??"]
[Round "4.51"]
[White "Shyam, Prasad Reddy K"]
[Black "Flak, Pawel"]
[Result "1/2-1/2"]
[WhiteElo "2030"]
[BlackElo "2195"]
[PlyCount "92"]
[EventDate "2018.??.??"]

1. e4 Nf6 2. e5 Nd5 3. d4 d6 4. c4 Nb6 5. exd6 cxd6 6. Nc3 g6 7. Be3 Bg7 8. Rc1
O-O 9. b3 e5 10. dxe5 dxe5 11. Qxd8 Rxd8 12. c5 N6d7 13. Bc4 Nc6 14. Nf3 h6 15.
Ne4 Na5 16. Bd5 Nf6 17. Nxf6+ Bxf6 18. Rd1 Nc6 19. O-O Nb4 20. Be4 Rxd1 21.
Rxd1 Nxa2 22. Bd2 Bf5 23. Bxb7 Rb8 24. c6 e4 25. Bf4 Re8 26. Nd2 Nc3 27. Re1
Nd5 28. Bg3 Bc3 29. Re2 Ba5 30. Nc4 Bc7 31. Nd6 Re7 32. Rd2 e3 33. fxe3 Be6 34.
e4 Nf6 35. e5 Ng4 36. h3 Ba5 37. Re2 Bb6+ 38. Kh1 Ne3 39. Bf4 Nf5 40. Nxf5 Bxf5
41. Bxh6 f6 42. e6 g5 43. c7 Bxc7 44. Bd5 Bd6 45. Bc4 Bf4 46. Kg1 Bg3 1/2-1/2

[Event "XXIX Miedzynarodowy Festiwal Szachowy CRACOVIA-2018 Grupa A"]
[Site "Krakow, Hotel Galaxy, ul. Gesia 22a"]
[Date "2018.??.??"]
[Round "4.53"]
[White "Radovic, Stefan"]
[Black "Kucharska, Honorata"]
[Result "1-0"]
[WhiteElo "2019"]
[BlackElo "2177"]
[PlyCount "85"]
[EventDate "2018.??.??"]

1. Nf3 Nf6 2. c4 d6 3. Nc3 g6 4. g3 Bg7 5. Bg2 O-O 6. O-O Nc6 7. d3 e5 8. Bg5
h6 9. Bxf6 Bxf6 10. Rb1 a5 11. a3 Bg7 12. b4 axb4 13. axb4 f5 14. Nd2 Ne7 15.
Nd5 c6 16. Nxe7+ Qxe7 17. b5 c5 18. Qb3 f4 19. Ne4 g5 20. Nc3 g4 21. Ra1 Rb8
22. Ra7 f3 23. exf3 gxf3 24. Bh1 h5 25. Re1 h4 26. Qd1 hxg3 27. hxg3 Bg4 28.
Re3 Bh6 29. Rxf3 Bxf3 30. Bxf3 Kh8 31. Bd5 Qg7 32. Ne4 Rfd8 33. Kg2 Rd7 34. Qh5
Kh7 35. Ra1 Qg6 36. Qh3 Re7 37. Nxc5 dxc5 38. Be4 Qxe4+ 39. dxe4 Rf8 40. Rd1
Ref7 41. Rd7 b6 42. Rxf7+ Rxf7 43. Qe6 1-0

[Event "XXIX Miedzynarodowy Festiwal Szachowy CRACOVIA-2018 Grupa A"]
[Site "Krakow, Hotel Galaxy, ul. Gesia 22a"]
[Date "2018.??.??"]
[Round "4.57"]
[White "Wisniewski, Michal"]
[Black "Seemann, Jakub"]
[Result "0-1"]
[WhiteElo "2161"]
[BlackElo "1907"]
[PlyCount "86"]
[EventDate "2018.??.??"]

1. d3 Nf6 2. Nf3 g6 3. g3 Bg7 4. Bg2 O-O 5. O-O d6 6. d4 Nbd7 7. c4 c5 8. Nc3
a6 9. e4 cxd4 10. Nxd4 Qc7 11. b3 b5 12. e5 dxe5 13. Ndxb5 axb5 14. Bxa8 bxc4
15. Bg2 Ba6 16. b4 Bb7 17. Bxb7 Qxb7 18. Rb1 e4 19. Bg5 Ne5 20. Bxf6 Nf3+ 21.
Kg2 exf6 22. Nxe4 Ne5 23. f3 f5 24. Nc5 Qa8 25. Qc2 Rd8 26. Rbe1 Bh6 27. Rxe5
Rd2+ 28. Re2 Rxc2 29. Rxc2 Qa3 30. Rb1 Be3 31. Rbb2 Bd4 32. Rb1 g5 33. h3 g4
34. hxg4 fxg4 35. Rf1 Qxb4 36. Ne4 gxf3+ 37. Rxf3 Qb1 38. Re2 Qg1+ 39. Kh3 Qd1
40. Nc3 Bxc3 41. Re8+ Kg7 42. Rxc3 Qd7+ 43. Kh4 Qd4+ 0-1

[Event "XXIX Miedzynarodowy Festiwal Szachowy CRACOVIA-2018 Grupa A"]
[Site "Krakow, Hotel Galaxy, ul. Gesia 22a"]
[Date "2018.??.??"]
[Round "4.58"]
[White "Musial, Tomasz"]
[Black "Praczukowski, Stanislaw"]
[Result "0-1"]
[WhiteElo "1995"]
[BlackElo "2155"]
[PlyCount "72"]
[EventDate "2018.??.??"]

1. d4 d5 2. c4 e6 3. Nf3 a6 4. g3 dxc4 5. Bg2 b5 6. Ne5 c6 7. Nxc6 Qb6 8. Nxb8
Rxb8 9. Bf4 Bd6 10. Bxd6 Qxd6 11. O-O Nf6 12. Nc3 O-O 13. e4 e5 14. dxe5 Qxe5
15. Qe2 Bb7 16. f4 Qc5+ 17. Qf2 Qh5 18. h3 b4 19. Nd5 Bxd5 20. exd5 Qf5 21. Qd4
Rb5 22. Rad1 Qc8 23. Rc1 Rc5 24. b3 c3 25. Qxb4 Nxd5 26. Bxd5 Rxd5 27. Qxc3
Qxh3 28. Qf3 Rfd8 29. Rc2 Rd3 30. Rh2 Qe6 31. Qf2 Qg4 32. Rg2 Rd1 33. Qe3 Rxf1+
34. Kxf1 Qd1+ 35. Qe1 Qf3+ 36. Rf2 Qh1+ 0-1

[Event "XXIX Miedzynarodowy Festiwal Szachowy CRACOVIA-2018 Grupa A"]
[Site "Krakow, Hotel Galaxy, ul. Gesia 22a"]
[Date "2018.??.??"]
[Round "4.63"]
[White "Dwilewicz, Katarzyna"]
[Black "Den Boer, Lennard"]
[Result "1-0"]
[WhiteElo "2027"]
[BlackElo "2173"]
[PlyCount "57"]
[EventDate "2018.??.??"]

1. e4 e6 2. d4 d5 3. Nc3 Bb4 4. e5 Ne7 5. a3 Bxc3+ 6. bxc3 b6 7. Nf3 Ba6 8.
Bxa6 Nxa6 9. O-O Qd7 10. a4 Nb8 11. Ba3 Nbc6 12. Qd3 Na5 13. Nd2 O-O 14. f4
Rfc8 15. Bxe7 Qxe7 16. f5 exf5 17. Rxf5 c5 18. Raf1 Rf8 19. Rh5 h6 20. Qg3 f6
21. exf6 Rxf6 22. Rxf6 Qxf6 23. Rxd5 cxd4 24. cxd4 Rc8 25. Ne4 Qf8 26. c3 Nc4
27. Rd7 Re8 28. Rxg7+ Kh8 29. Qg6 1-0